[Event "Mondiale Lampo FIDE 2022"]
[Site "Alma Ata"]
[Date "29.12.2022"]
[Round "5.85"]
[White "Averin, Nikolay"]
[Black "Nissinen, Niilo Man"]
[Result "1-0"]
[WhiteTitle ""]
[BlackTitle ""]
[WhiteElo "2342"]
[BlackElo "1996"]
[WhiteFideId "24250473"]
[BlackFideId "30950767"]
[EventDate "29.12.2022"]

1. e4 c5 2. Nf3 Nc6 3. d4 cxd4 4. Nxd4 Nf6 5. Nc3 e5 6. Ndb5 d6 7. Bg5 a6 8. Na3
b5 9. Nd5 Be7 10. Bxf6 Bxf6 11. c3 Ne7 12. Nxf6+ gxf6 13. Nc2 Bb7 14. Bd3 d5 15.
Qe2 f5 16. exf5 e4 17. f6 Nf5 18. f3 Qxf6 19. O-O Qb6+ 20. Rf2 Nd6 21. fxe4 dxe4
22. Nd4 O-O-O 23. Bc2 f5 24. Qe3 Rhf8 25. Raf1 Nc4 26. Qh3 Nxb2 27. Rxf5 Rxf5
28. Qxf5+ Kb8 29. Bxe4 Rxd4 30. cxd4 Qxd4+ 31. Qf2 Qxe4 32. Qxb2 h5 33. Rf8+ Ka7
34. Qf2+ 1-0

[Event "Mondiale Lampo FIDE 2022"]
[Site "Alma Ata"]
[Date "29.12.2022"]
[Round "5.86"]
[White "Suyarov, Mukhammadzokhid"]
[Black "Narayanan, Srinath"]
[Result "1-0"]
[WhiteTitle ""]
[BlackTitle ""]
[WhiteElo "2299"]
[BlackElo "2559"]
[WhiteFideId "14210495"]
[BlackFideId "5018420"]
[EventDate "29.12.2022"]

1. d4 Nf6 2. Nc3 d5 3. Bf4 c5 4. e4 dxe4 5. dxc5 Bd7 6. Bc4 Nc6 7. Nge2 e5 8.
Be3 Qa5 9. a3 Ng4 10. b4 Nxe3 11. fxe3 Qd8 12. O-O f5 13. Ng3 g6 14. Nd5 Be6 15.
Nxf5 Bxf5 16. Rxf5 gxf5 17. Qh5+ Kd7 18. Qxf5+ Ke8 19. Qe6+ Qe7 20. Nxe7 Bxe7
21. Rd1 Nd8 22. Qxe5 Rf8 23. Qh5+ Nf7 24. Bxf7+ Rxf7 25. Rf1 1-0

[Event "Mondiale Lampo FIDE 2022"]
[Site "Alma Ata"]
[Date "29.12.2022"]
[Round "5.87"]
[White "Mamatov, Melis"]
[Black "Begmuratov, Khumoyun"]
[Result "0-1"]
[WhiteTitle ""]
[BlackTitle ""]
[WhiteElo "2399"]
[BlackElo "2399"]
[WhiteFideId "13800027"]
[BlackFideId "14210207"]
[EventDate "29.12.2022"]

1. e4 e5 2. Nf3 Nc6 3. Bc4 Nf6 4. d3 h6 5. c3 d6 6. O-O g6 7. Re1 Bg7 8. Nbd2
O-O 9. Nf1 a6 10. Bb3 Kh7 11. d4 exd4 12. Nxd4 Nd7 13. Nf3 Nc5 14. Bc2 Bg4 15.
h3 Bxf3 16. Qxf3 Ne6 17. Ne3 Qf6 18. Qxf6 Bxf6 19. Nd5 Bg7 20. Be3 Rfe8 21. Rad1
Ne7 22. Bb3 Rad8 23. f3 b5 24. a4 c6 25. Nf4 Nc8 26. Kf1 g5 27. Nd3 Ne7 28. Nb4
a5 29. Nc2 Nc8 30. axb5 cxb5 31. Na3 b4 32. cxb4 axb4 33. Nc4 Nc5 34. Bc2 b3 35.
Bb1 Kg8 36. Re2 Kf8 37. Ke1 Na4 38. Rd3 Nc5 39. Bxc5 dxc5 40. Rxb3 Ne7 41. Rd3
Bd4 42. Ba2 Nc6 43. Bb1 Rb8 44. Rd1 Rb4 45. Bd3 Ra8 46. Rc2 Ke7 47. Rb1 Ra2 48.
Kd1 f6 49. Nd2 Ra7 50. b3 Ne5 51. Ke2 Rd7 52. Nc4 Nc6 53. Kf1 Be5 54. Be2 Nd4
55. Rd2 Nxb3 56. Rxd7+ Kxd7 57. Rd1+ 0-1

[Event "Mondiale Lampo FIDE 2022"]
[Site "Alma Ata"]
[Date "29.12.2022"]
[Round "6.1"]
[White "Carlsen, Magnus"]
[Black "Yu, Yangyi"]
[Result "1/2-1/2"]
[WhiteTitle ""]
[BlackTitle ""]
[WhiteElo "2859"]
[BlackElo "2728"]
[WhiteFideId "1503014"]
[BlackFideId "8603820"]
[EventDate "29.12.2022"]

1. c4 Nf6 2. d4 e6 3. Nf3 h6 4. Nc3 Bb4 5. Qc2 c5 6. dxc5 Na6 7. g3 Nxc5 8. Bg2
Nce4 9. O-O Bxc3 10. bxc3 O-O 11. Ba3 Re8 12. Nd4 d5 13. Rad1 Qc7 14. cxd5 exd5
15. c4 Bd7 16. cxd5 Qxc2 17. Nxc2 Nc3 18. Rd2 Rxe2 19. Rxe2 Nxe2+ 20. Kh1 Nc3
21. Ne3 Nxa2 22. d6 Rb8 23. Ra1 Nc3 24. Bb2 Nb5 25. Be5 a6 26. Nc4 Ng4 27. Bf4
Nxf2+ 28. Kg1 Nd3 29. Be3 Be6 30. Bb6 Bxc4 31. d7 Ne5 32. d8=Q+ Rxd8 33. Bxd8
Nc6 34. Bb6 Be6 35. h4 h5 36. Bf3 Bg4 37. Bxg4 hxg4 38. Rd1 Ne5 39. Rd8+ Kh7 40.
Rb8 Nd6 41. Bc7 Nec4 42. Bxd6 Nxd6 43. Rd8 Ne4 44. Rd7 b5 45. Rxf7 Nxg3 46. Ra7
Nf5 1/2-1/2

[Event "Mondiale Lampo FIDE 2022"]
[Site "Alma Ata"]
[Date "29.12.2022"]
[Round "6.5"]
[White "Cheparinov, Ivan"]
[Black "Duda, Jan-Krzysztof"]
[Result "1/2-1/2"]
[WhiteTitle ""]
[BlackTitle ""]
[WhiteElo "2688"]
[BlackElo "2729"]
[WhiteFideId "2905540"]
[BlackFideId "1170546"]
[EventDate "29.12.2022"]

1. d4 d5 2. c4 e6 3. Nf3 Nf6 4. g3 Be7 5. Bg2 O-O 6. O-O c6 7. b3 b6 8. Bb2 Bb7
9. Nc3 Nbd7 10. Rc1 c5 11. cxd5 Nxd5 12. Nxd5 Bxd5 13. dxc5 Nxc5 14. Ne5 Bxg2
15. Kxg2 Rc8 16. Qxd8 Rfxd8 17. Rfd1 Rxd1 18. Rxd1 f6 19. Nc4 b5 20. Ne3 a5 21.
g4 Kf7 22. Kf3 e5 23. Nf5 Bf8 24. Nd6+ Bxd6 25. Rxd6 Ne6 26. Rd7+ Ke8 27. Rd2 b4
28. h4 Rc5 29. e3 Ke7 30. Ke4 Nc7 31. f4 exf4 32. exf4 h5 33. gxh5 Rxh5 34. Rg2
Ne8 35. Rh2 Nd6+ 36. Kf3 Rd5 37. Rg2 Nf5 38. Re2+ Kf7 39. Kg4 Nh6+ 40. Kf3 Nf5
41. Kg4 Nd6 42. h5 Rd3 43. Rc2 Rd5 44. Rc7+ Kg8 45. Rc2 Nf5 46. Kf3 Ne7 47. Kg4
Kf7 48. Bc1 Rd3 49. Bb2 Nd5 50. Rc5 Ke6 51. f5+ Kd6 52. Rxa5 Rd2 53. Bc1 Rg2+
54. Kf3 Rc2 55. Bf4+ Kc6 56. Ra8 Rb2 57. Bg3 Rb1 58. Rg8 Rf1+ 59. Bf2 Rh1 60.
Kg4 Ne7 61. Rxg7 Nd5 62. Rg6 Kd6 63. h6 Ke5 64. Bg3+ Ke4 65. Bf2 Rh2 66. Kg3 Rh5
67. Kg4 Rh2 68. Kg3 Rh5 69. Rg4+ Kxf5 70. Rh4 Rxh4 71. Kxh4 Kg6 72. Bc5 Kxh6 73.
Kg4 Kg6 74. Kf3 Kf5 75. Bd6 Ke6 76. Bf8 Ke5 77. a3 bxa3 78. Bxa3 Kd4 79. Bb2+
Kc5 80. Bxf6 Nxf6 81. b4+ Kxb4 1/2-1/2

[Event "Mondiale Lampo FIDE 2022"]
[Site "Alma Ata"]
[Date "29.12.2022"]
[Round "6.6"]
[White "Durarbayli, Vasif"]
[Black "Vachier-Lagrave, Maxime"]
[Result "1-0"]
[WhiteTitle ""]
[BlackTitle ""]
[WhiteElo "2612"]
[BlackElo "2737"]
[WhiteFideId "13402935"]
[BlackFideId "623539"]
[EventDate "29.12.2022"]

1. e4 c5 2. Nf3 d6 3. d4 cxd4 4. Nxd4 Nf6 5. Nc3 a6 6. Be2 e5 7. Nb3 Be7 8. O-O
O-O 9. Re1 Be6 10. Bf3 Nbd7 11. a4 Qb8 12. Qd3 Rc8 13. Be3 b5 14. axb5 Bc4 15.
Qd2 axb5 16. Rxa8 Qxa8 17. Ra1 Qb8 18. Na5 Be6 19. Nd5 Bd8 20. h3 h6 21. b4 Kh7
22. Qd3 g6 23. c3 Bxd5 24. exd5 e4 25. Bxe4 Ne5 26. Qc2 Bxa5 27. Rxa5 Nc4 28.
Ra6 Nxe3 29. fxe3 Re8 30. Qf2 Kg7 31. Bf3 Qc7 32. Rc6 Qe7 33. e4 Nxe4 34. Bxe4
Qxe4 35. Rxd6 Qe5 36. Rd7 Qf6 37. Rc7 Re4 38. Qxf6+ Kxf6 39. Kf2 Ke5 40. Rc5 Kd6
41. Rxb5 Rc4 42. Rb7 f5 43. Rb6+ Kxd5 44. Rxg6 Rxc3 45. Rxh6 Rb3 46. Rh4 Ke5 47.
Rc4 Kd5 48. Rf4 Ke5 49. g3 Rb2+ 50. Kg1 Rb1+ 51. Kf2 Rb2+ 52. Ke1 Rb3 53. Rc4
Rxg3 54. h4 f4 55. Kf2 Rb3 56. h5 Kf5 57. h6 Rh3 58. Rc6 Ke4 59. b5 Rh2+ 60. Kg1
Rh5 61. b6 Kf3 62. b7 Rg5+ 63. Kf1 Rb5 64. Rc3+ Kg4 65. h7 Rb1+ 66. Kf2 1-0

[Event "Mondiale Lampo FIDE 2022"]
[Site "Alma Ata"]
[Date "29.12.2022"]
[Round "6.8"]
[White "Mamedyarov, Shakhriyar"]
[Black "Petrov, Nikita"]
[Result "1-0"]
[WhiteTitle ""]
[BlackTitle ""]
[WhiteElo "2740"]
[BlackElo "2537"]
[WhiteFideId "13401319"]
[BlackFideId "4101286"]
[EventDate "29.12.2022"]

1. d4 Nf6 2. c4 e6 3. Nc3 Bb4 4. g3 d5 5. Bg2 O-O 6. Nf3 dxc4 7. O-O Nc6 8. Re1
Rb8 9. a3 Be7 10. Qa4 e5 11. dxe5 Nd7 12. Rd1 b5 13. Qc2 Qe8 14. Ng5 Bxg5 15.
Bxc6 Bxc1 16. Raxc1 Qe6 17. Bxd7 Bxd7 18. Qd2 Bc6 19. f4 h5 20. e4 h4 21. Qe3
hxg3 22. hxg3 a5 23. Nd5 Bxd5 24. exd5 Qg4 25. Kf2 b4 26. Qf3 Qxf3+ 27. Kxf3
bxa3 28. bxa3 Rb3+ 29. Kg4 c3 30. Rd3 Rd8 31. a4 Ra3 32. Kf5 Kf8 33. g4 Rd7 34.
g5 Ke7 35. Rdxc3 g6+ 36. Kg4 Rxc3 37. Rxc3 Rxd5 38. Rxc7+ Ke6 39. Ra7 Rc5 40.
Ra6+ Ke7 41. Ra8 Ke6 42. Ra7 Rd5 43. Kf3 Rc5 44. Ke3 Rd5 45. Ke4 Rc5 46. Kd4
Rd5+ 47. Ke4 Rc5 48. Ra6+ Ke7 49. Kd4 Rc1 50. Rxa5 Ra1 51. Ra8 Ke6 52. Ra6+ Ke7
53. a5 Ra4+ 54. Ke3 Ra3+ 55. Ke4 Ra4+ 56. Kf3 Ra3+ 57. Kg4 Ra4 58. Ra8 Ra1 59.
a6 Ra4 60. a7 Ra3 61. e6 1-0

[Event "Mondiale Lampo FIDE 2022"]
[Site "Alma Ata"]
[Date "29.12.2022"]
[Round "6.9"]
[White "Nihal, Sarin"]
[Black "Ganguly, Surya Shekhar"]
[Result "0-1"]
[WhiteTitle ""]
[BlackTitle ""]
[WhiteElo "2670"]
[BlackElo "2582"]
[WhiteFideId "25092340"]
[BlackFideId "5002150"]
[EventDate "29.12.2022"]

1. d4 d5 2. Nf3 Nf6 3. c4 e6 4. e3 b6 5. Nc3 Bb7 6. cxd5 exd5 7. Bb5+ c6 8. Bd3
Bd6 9. O-O O-O 10. e4 dxe4 11. Nxe4 Nxe4 12. Bxe4 Nd7 13. Bg5 Be7 14. Bxe7 Qxe7
15. Re1 Qd6 16. Ne5 Rad8 17. Qa4 Nxe5 18. dxe5 Qc7 19. Rac1 Rfe8 20. f4 Rd2 21.
Rc2 Red8 22. Rxd2 Rxd2 23. Qb4 Qd7 24. Qc3 g6 25. h3 Rd4 26. b4 c5 27. Bxb7 Qxb7
28. bxc5 bxc5 29. e6 fxe6 30. Rxe6 Qb1+ 31. Kh2 Qf5 32. Re8+ Kf7 33. Re1 Qxf4+
34. Kg1 Qd6 35. Qf3+ Kg7 36. Qb7+ Kh6 37. Qxa7 Qg3 38. Qe7 Rd2 39. Qf8+ Kh5 40.
Qf3+ Qxf3 41. gxf3 Rxa2 42. Re5+ Kh4 43. Rxc5 Kxh3 44. f4 Kg3 45. Kf1 Kxf4 46.
Rc7 h5 47. Rf7+ Kg4 48. Rb7 h4 49. Rb4+ Kh5 50. Kg1 g5 51. Rc4 Rb2 52. Ra4 Rc2
53. Rb4 Rc5 54. Rb8 g4 55. Rh8+ Kg5 56. Rg8+ Kf4 57. Ra8 Rc3 58. Kh2 Rc2+ 59.
Kg1 Re2 60. Kf1 Rb2 61. Kg1 Rb4 62. Kh2 Kf3 63. Ra3+ Kf4 64. Ra8 Rb2+ 65. Kg1
Rd2 66. Ra7 h3 67. Ra4+ Kg3 68. Ra3+ Kh4 69. Ra4 Rd1+ 70. Kh2 Rd2+ 71. Kg1 Rg2+
72. Kh1 Rb2 73. Kg1 Rg2+ 74. Kh1 Re2 75. Kg1 Kg3 76. Ra3+ Kf4 77. Ra4+ Kf3 78.
Ra3+ Re3 79. Ra1 g3 80. Rf1+ Kg4 81. Ra1 Rf3 82. Ra4+ Rf4 83. Ra1 Rd4 84. Kh1
Rd3 85. Rb1 Kf3 86. Re1 Kf2 87. Rg1 Ke2 0-1

[Event "Mondiale Lampo FIDE 2022"]
[Site "Alma Ata"]
[Date "29.12.2022"]
[Round "6.10"]
[White "Lazavik, Denis"]
[Black "Mamedov, Rauf"]
[Result "1/2-1/2"]
[WhiteTitle ""]
[BlackTitle ""]
[WhiteElo "2537"]
[BlackElo "2646"]
[WhiteFideId "13515110"]
[BlackFideId "13401653"]
[EventDate "29.12.2022"]

1. d4 Nf6 2. c4 g6 3. g3 c6 4. Bg2 d5 5. Nf3 Bg7 6. O-O O-O 7. Qb3 Qb6 8. Nc3
Rd8 9. Bf4 dxc4 10. Qxc4 Be6 11. Qd3 Na6 12. Qc2 Nb4 13. Qc1 Nbd5 14. Bg5 Nxc3
15. bxc3 Qa5 16. Qb2 Bd5 17. Bf4 Qb6 18. Rab1 Qxb2 19. Rxb2 b6 20. Rc1 Rac8 21.
Bh3 e6 22. Nd2 c5 23. Rbc2 Ne4 24. Nf3 h6 25. Be5 Ng5 26. Nxg5 hxg5 27. Bxg7
Kxg7 28. dxc5 Rxc5 29. Bg2 Bc4 30. Bf1 Ra5 31. Ra1 Ra3 32. e3 Rc8 33. Bxc4 Rxc4
34. Rac1 g4 35. Kf1 b5 36. Ke2 a6 37. Kd2 f5 38. Rb1 Rc8 39. Rb3 Ra4 40. Ke2 Rh8
41. Rb4 Ra5 42. c4 bxc4 43. Rbxc4 Rxh2 44. Rc6 Kf6 45. Kf1 Rh1+ 46. Kg2 Ra1 47.
Rb2 R1xa2 48. Rbb6 Re5 49. Rxa6 Rxa6 50. Rxa6 Rb5 51. Rc6 Rb2 52. Ra6 g5 53. Ra5
Rd2 54. Rb5 Rd6 55. Ra5 e5 56. Ra4 Ke6 57. Rb4 Rd2 58. Rb6+ Kd5 59. Rg6 1/2-1/2

[Event "Mondiale Lampo FIDE 2022"]
[Site "Alma Ata"]
[Date "29.12.2022"]
[Round "6.11"]
[White "Bluebaum, Matthias"]
[Black "Tin, Jingyao"]
[Result "1-0"]
[WhiteTitle ""]
[BlackTitle ""]
[WhiteElo "2657"]
[BlackElo "2562"]
[WhiteFideId "24651516"]
[BlackFideId "5804418"]
[EventDate "29.12.2022"]

1. d4 d5 2. c4 c6 3. Nf3 Nf6 4. Nc3 e6 5. Qc2 Nbd7 6. e4 dxe4 7. Nxe4 Nxe4 8.
Qxe4 Bb4+ 9. Bd2 Qa5 10. a3 Bxd2+ 11. Nxd2 O-O 12. Bd3 g6 13. b4 Qc7 14. Nf3 e5
15. Nxe5 Nxe5 16. Qxe5 Qxe5+ 17. dxe5 Re8 18. f4 f6 19. O-O fxe5 20. Rae1 a5 21.
fxe5 axb4 22. axb4 Ra3 23. Rf3 Rb3 24. Bxg6 Rxf3 25. Bxe8 Rf4 26. e6 Kf8 27. Bd7 1-0

[Event "Mondiale Lampo FIDE 2022"]
[Site "Alma Ata"]
[Date "29.12.2022"]
[Round "6.12"]
[White "Artemiev, Vladislav"]
[Black "Riazantsev, Alexander"]
[Result "1/2-1/2"]
[WhiteTitle ""]
[BlackTitle ""]
[WhiteElo "2701"]
[BlackElo "2626"]
[WhiteFideId "24101605"]
[BlackFideId "4125029"]
[EventDate "29.12.2022"]

1. Nf3 d5 2. e3 Nf6 3. c4 e6 4. Nc3 c5 5. cxd5 exd5 6. d4 Nc6 7. Bb5 cxd4 8.
Nxd4 Bd7 9. Nf3 a6 10. Be2 Be6 11. a3 Rc8 12. O-O Bd6 13. b4 Nxb4 14. axb4 Rxc3
15. b5 a5 16. Bd2 Rc8 17. Bxa5 Qe7 18. Bb6 O-O 19. Bd4 Ne4 20. Qb3 Nc5 21. Qb2
f6 22. Rfd1 Ne4 23. Nd2 Rfd8 24. Bf3 Bf5 25. Nf1 Bg6 26. Ng3 Qe6 27. Qb3 Bxg3
28. hxg3 Ng5 29. Rac1 Nxf3+ 30. gxf3 h5 31. Rxc8 Rxc8 32. e4 Bf7 33. e5 fxe5 34.
Re1 e4 35. Qe3 Qf5 36. fxe4 dxe4 37. Rc1 Rxc1+ 38. Qxc1 e3 39. Qxe3 Bd5 40. Qe8+
Kh7 41. Qe2 Qf3 42. Qxf3 1/2-1/2

[Event "Mondiale Lampo FIDE 2022"]
[Site "Alma Ata"]
[Date "29.12.2022"]
[Round "6.14"]
[White "Amin, Bassem"]
[Black "Petrosyan, Manuel"]
[Result "0-1"]
[WhiteTitle ""]
[BlackTitle ""]
[WhiteElo "2682"]
[BlackElo "2621"]
[WhiteFideId "10601457"]
[BlackFideId "13300857"]
[EventDate "29.12.2022"]

1. Nf3 Nf6 2. g3 b6 3. Bg2 Bb7 4. O-O g6 5. d3 Bg7 6. e4 O-O 7. e5 Ne8 8. d4 d6
9. Qe2 e6 10. Bf4 c5 11. dxc5 d5 12. cxb6 Qxb6 13. c4 Nc7 14. Be3 Qa6 15. Na3
Nd7 16. Nb5 Nxb5 17. cxb5 Qa5 18. Bd2 Qb6 19. a4 a6 20. Bc3 axb5 21. Qxb5 Qc7
22. Rfc1 Rfc8 23. h4 Ba6 24. Qb4 Bf8 25. Qf4 Nc5 26. Bd4 Qb7 27. Qe3 Nb3 28.
Rxc8 Rxc8 29. Rb1 Nxd4 30. Nxd4 Qb4 31. Bf1 Bxf1 32. Rxf1 Bc5 33. Nc2 Qxa4 34.
Qd3 Bb6 35. b3 Qg4 36. Kg2 Bd8 37. Ne3 Qb4 38. Ra1 Kg7 39. Ra4 Qe1 40. Qd1 Qxd1
41. Nxd1 Rc2 42. Ne3 Rb2 43. Rb4 Ba5 44. Rb7 h5 45. Kf1 Bc3 46. f4 Bd4 47. Nd1
Rd2 48. Ke1 Rg2 49. b4 Rxg3 50. Ke2 Rg4 51. Kf3 Rxh4 52. b5 Rh3+ 53. Ke2 Rb3 54.
Kd2 h4 55. Kc2 Rb4 56. Nc3 h3 57. Ne2 Bf2 58. Kc3 Rc4+ 59. Kd3 h2 0-1

[Event "Mondiale Lampo FIDE 2022"]
[Site "Alma Ata"]
[Date "29.12.2022"]
[Round "6.15"]
[White "Dragnev, Valentin"]
[Black "Tomashevsky, Evgeny"]
[Result "1/2-1/2"]
[WhiteTitle ""]
[BlackTitle ""]
[WhiteElo "2556"]
[BlackElo "2694"]
[WhiteFideId "1634852"]
[BlackFideId "4147235"]
[EventDate "29.12.2022"]

1. e4 e5 2. Nf3 Nc6 3. Bb5 a6 4. Ba4 Nf6 5. O-O Be7 6. Re1 b5 7. Bb3 O-O 8. a4
b4 9. d4 d6 10. dxe5 Nxe5 11. Nxe5 dxe5 12. Qe2 Bc5 13. Be3 Bd4 14. Bxd4 Qxd4
15. Rd1 Bg4 16. Rxd4 Bxe2 17. Rxb4 a5 18. Rb7 Rfc8 19. Ba2 Nxe4 20. Rb3 Bc4 21.
Re3 Bxa2 22. Rxe4 Bxb1 23. Rxb1 f6 24. Rc4 c5 25. Rd1 Rab8 26. b3 Rb4 27. Rc3
Rd4 28. Rdd3 Kf7 29. Kf1 Rxd3 30. Rxd3 Ke6 31. c4 Rb8 32. g3 h5 33. h4 Rb6 34.
Rd5 Rxb3 35. Rxc5 Rb4 36. Rxa5 Rxc4 37. Kg2 Kf5 38. Ra7 g6 1/2-1/2

[Event "Mondiale Lampo FIDE 2022"]
[Site "Alma Ata"]
[Date "29.12.2022"]
[Round "6.16"]
[White "Abdusattorov, Nodirbek"]
[Black "Quparadze, Giga"]
[Result "1-0"]
[WhiteTitle ""]
[BlackTitle ""]
[WhiteElo "2713"]
[BlackElo "2470"]
[WhiteFideId "14204118"]
[BlackFideId "13602250"]
[EventDate "29.12.2022"]

1. e4 c5 2. Nf3 e6 3. c3 d5 4. exd5 Qxd5 5. d4 Nc6 6. Be2 Nf6 7. O-O cxd4 8.
cxd4 Be7 9. Nc3 Qd6 10. Nb5 Qd8 11. Bf4 Nd5 12. Bg3 a6 13. Nc3 Nf6 14. Rc1 O-O
15. Na4 Bd7 16. Nc5 Qb6 17. Ne5 Rad8 18. Nc4 Qa7 19. Bc7 Rc8 20. Bb6 Qb8 21. Bf3
Be8 22. Re1 Nd5 23. Bxd5 exd5 24. Ne3 Bg5 25. Qg4 h6 26. h4 Bxe3 27. Rxe3 f5 28.
Qf3 Bf7 29. Nd7 Nxd4 30. Qd1 Rxc1 31. Qxc1 Rc8 32. Qd2 Qd6 33. Bxd4 f4 34. Rf3
Qxd7 35. Qxf4 Rc6 36. Qe5 Rg6 37. Rf4 Qe6 38. Qxe6 Rxe6 39. f3 Re2 40. Rg4 g6
41. Bc3 h5 42. Rf4 Re6 43. Kf2 Re8 44. a4 Re6 45. a5 Re8 46. Rb4 Re7 47. Rb6 d4
48. Bxd4 Rd7 49. Bc5 Kg7 50. Ke3 Bd5 51. Bd4+ Kh7 52. Rf6 Bf7 53. Be5 Kg8 54.
Rb6 Kh7 55. Bd6 Bd5 56. Kd4 Bc6 57. Kc5 Rf7 58. Rxc6 Rf5+ 59. Kb6 Rb5+ 60. Ka7
bxc6 61. b4 Kg8 62. Kxa6 Kf7 63. Ka7 Ke6 64. Bc5 Kd7 65. a6 Kc8 66. g4 Kd7 67.
gxh5 gxh5 68. Ka8 Kc7 69. Ka7 Kd7 70. Bb6 Kc8 71. Bc5 Kd7 72. f4 Ke6 73. Bb6
Rxb4 74. Kb7 Kf5 75. a7 Ra4 76. Be3 Kg4 77. a8=Q Rxa8 78. Kxa8 c5 79. Kb7 c4 80.
Kc6 c3 81. Kd5 c2 82. Ke4 Kxh4 83. Kf3 1-0

[Event "Mondiale Lampo FIDE 2022"]
[Site "Alma Ata"]
[Date "29.12.2022"]
[Round "6.17"]
[White "Madaminov, Mukhiddin"]
[Black "Sadhwani, Raunak"]
[Result "0-1"]
[WhiteTitle ""]
[BlackTitle ""]
[WhiteElo "2438"]
[BlackElo "2627"]
[WhiteFideId "14210703"]
[BlackFideId "35093487"]
[EventDate "29.12.2022"]

1. d4 Nf6 2. Nc3 d5 3. Bf4 e6 4. Nb5 Na6 5. e3 Be7 6. Be2 O-O 7. Nf3 c6 8. Nc3
c5 9. O-O Bd7 10. Ne5 Be8 11. Nb5 Qb6 12. a4 Ne4 13. c4 f6 14. Nf3 cxd4 15. exd4
Bc6 16. c5 Qd8 17. Nd2 b6 18. Nd6 Nc7 19. N2xe4 dxe4 20. Rc1 Nd5 21. Bg3 f5 22.
Be5 Qd7 23. Bb5 Bxd6 24. Bxc6 Qxc6 25. cxd6 Qd7 26. b3 Rac8 27. Qd2 h6 28. Rc4
f4 29. Rfc1 e3 30. Qe2 a6 31. Qg4 exf2+ 32. Kxf2 Rxc4 33. bxc4 Ne3 34. Qg6 Rf7
35. Kg1 Qxa4 36. Kh1 Qa2 37. h3 Qd2 38. Rg1 f3 39. gxf3 Qf2 40. Qg3 Qe2 41. f4
Nf5 42. Qg2 Qxc4 43. Kh2 a5 44. Qf3 a4 45. Qa8+ Kh7 46. Rg2 Qb5 47. Qe4 Qd5 48.
Qb1 b5 49. Rc2 Qe4 50. Qd1 Ne3 51. Re2 Nxd1 52. Rxe4 Nc3 53. Re1 Nd5 54. Ra1 Rb7
55. Kg3 Kg8 56. Kf3 Kf7 57. Ke4 b4 58. Rxa4 Nc3+ 59. Kd3 Nxa4 60. d5 b3 61. Kc4
b2 62. Bxb2 Nxb2+ 63. Kc5 exd5 64. Kc6 Ra7 65. d7 Rxd7 0-1

[Event "Mondiale Lampo FIDE 2022"]
[Site "Alma Ata"]
[Date "29.12.2022"]
[Round "6.18"]
[White "Lintchevski, Daniil"]
[Black "Andreikin, Dmitry"]
[Result "0-1"]
[WhiteTitle ""]
[BlackTitle ""]
[WhiteElo "2548"]
[BlackElo "2729"]
[WhiteFideId "4171055"]
[BlackFideId "4158814"]
[EventDate "29.12.2022"]

1. e4 c5 2. Nf3 Nc6 3. Bb5 g6 4. Bxc6 dxc6 5. d3 Bg7 6. h3 Nf6 7. a4 c4 8. e5
Nd7 9. e6 Ne5 10. exf7+ Nxf7 11. d4 e5 12. dxe5 Qxd1+ 13. Kxd1 Bf5 14. Re1
O-O-O+ 15. Bd2 Rhe8 16. Kc1 Nxe5 17. Nxe5 Rxe5 18. Rxe5 Bxe5 19. Ra3 c5 20. Re3
Bd4 21. Re2 Bd7 22. Nc3 Bxc3 23. Bxc3 Bxa4 24. Re5 b6 25. Re7 Rd7 26. Rxd7 Kxd7
27. Bg7 Bc6 28. g3 Be4 29. Kd2 Kc6 30. c3 Kb5 31. h4 Ka4 32. Bf8 Kb3 33. Kc1 a5
34. Bd6 a4 35. Bc7 b5 36. Bd6 b4 0-1

[Event "Mondiale Lampo FIDE 2022"]
[Site "Alma Ata"]
[Date "29.12.2022"]
[Round "6.19"]
[White "Matlakov, Maxim"]
[Black "Jumabayev, Rinat"]
[Result "1-0"]
[WhiteTitle ""]
[BlackTitle ""]
[WhiteElo "2662"]
[BlackElo "2609"]
[WhiteFideId "4168003"]
[BlackFideId "13702661"]
[EventDate "29.12.2022"]

1. d4 Nf6 2. c4 e6 3. g3 d5 4. Bg2 c6 5. Nf3 Be7 6. O-O O-O 7. Qc2 b6 8. b3 Bb7
9. Rd1 h6 10. Bb2 Nbd7 11. Nc3 Re8 12. Rac1 Rc8 13. e4 dxe4 14. Nxe4 Nxe4 15.
Qxe4 Qc7 16. c5 Bf8 17. b4 a5 18. a3 axb4 19. axb4 1-0

[Event "Mondiale Lampo FIDE 2022"]
[Site "Alma Ata"]
[Date "29.12.2022"]
[Round "6.20"]
[White "Maghsoodloo, Parham"]
[Black "Tang, Andrew"]
[Result "0-1"]
[WhiteTitle ""]
[BlackTitle ""]
[WhiteElo "2719"]
[BlackElo "2540"]
[WhiteFideId "12539929"]
[BlackFideId "2059630"]
[EventDate "29.12.2022"]

1. d4 d5 2. c4 e6 3. Nf3 Nf6 4. g3 dxc4 5. Bg2 Nc6 6. O-O Rb8 7. e3 Be7 8. Qe2
b5 9. b3 Ba6 10. Rd1 Qc8 11. Ne1 Na5 12. bxc4 Nxc4 13. Bc6+ Nd7 14. d5 e5 15.
Qg4 g6 16. Nd2 f5 17. Qe2 O-O 18. a4 Nd6 19. Qd3 Nc5 20. Qc2 Nxa4 21. Ba3 Bb7
22. Nd3 Bxc6 23. dxc6 Qe6 24. Nc5 Nxc5 25. Bxc5 Ra8 26. Ra6 Rfd8 27. Rda1 Nc8
28. Nb3 Bf6 29. Rc1 Nb6 30. Na5 Nd5 31. Qb3 Kf7 32. Nb7 Re8 33. Rd1 Nb6 34. Qxb5
f4 35. Bxb6 axb6 36. Rxa8 Rxa8 37. exf4 exf4 38. Qd3 fxg3 39. hxg3 Re8 40. Qf3
Kg7 41. Rd7+ Re7 42. Nd8 Qe1+ 43. Kg2 Rxd7 44. cxd7 Bxd8 45. Qc3+ Qxc3 0-1

[Event "Mondiale Lampo FIDE 2022"]
[Site "Alma Ata"]
[Date "29.12.2022"]
[Round "6.21"]
[White "Ghasi, Ameet K"]
[Black "Vidit, Santosh Gujrathi"]
[Result "1-0"]
[WhiteTitle ""]
[BlackTitle ""]
[WhiteElo "2471"]
[BlackElo "2730"]
[WhiteFideId "409200"]
[BlackFideId "5029465"]
[EventDate "29.12.2022"]

1. Nf3 c5 2. g3 Nc6 3. Bg2 g6 4. O-O Bg7 5. c4 d6 6. Nc3 e6 7. e3 Nge7 8. b3 O-O
9. Bb2 Nf5 10. a3 d5 11. cxd5 exd5 12. Rc1 Be6 13. Na4 Bxb2 14. Nxb2 Qa5 15. Na4
c4 16. b4 Qa6 17. Ng5 Rae8 18. Nc3 Nce7 19. e4 dxe4 20. Nxe6 Qxe6 21. Nxe4 b6
22. d3 cxd3 23. Qxd3 Rd8 24. Qc3 Nd4 25. Rfe1 Nef5 26. h4 Rfe8 27. Kh2 Qe5 28.
Rcd1 Nxh4 29. f4 Ndf3+ 30. Qxf3 Nxf3+ 31. Bxf3 Qb2+ 32. Kh3 Rxd1 33. Rxd1 Kg7
34. Rd7 Qxa3 35. Ng5 Rf8 36. Bd5 Qxb4 37. Bxf7 Kf6 38. Nxh7+ Kg7 39. Ng5 Rh8+
40. Kg4 Kh6 41. Be6 Qb5 42. Nf7+ Kg7 43. Ng5+ Kf8 44. Rd8+ Ke7 45. Rxh8 Qe2+ 46.
Kh4 Qh2+ 47. Bh3 a5 48. Rh7+ Kd6 49. Rg7 a4 50. Rxg6+ Kc7 51. Rg7+ Kc6 52. f5 a3
53. Ra7 a2 54. f6 Qb2 55. f7 Qd4+ 56. Kh5 Qh8+ 57. Kg6 b5 58. Be6 b4 59. Bxa2
Qb8 60. Re7 Kd6 61. Re8 Qa7 62. f8=Q+ 1-0

[Event "Mondiale Lampo FIDE 2022"]
[Site "Alma Ata"]
[Date "29.12.2022"]
[Round "6.22"]
[White "Anton Guijarro, David"]
[Black "Van Foreest, Jorden"]
[Result "0-1"]
[WhiteTitle ""]
[BlackTitle ""]
[WhiteElo "2675"]
[BlackElo "2690"]
[WhiteFideId "2285525"]
[BlackFideId "1039784"]
[EventDate "29.12.2022"]

1. Nf3 Nf6 2. b3 d5 3. Bb2 Bf5 4. Nh4 Bd7 5. e3 e6 6. Nf3 c5 7. d4 cxd4 8. exd4
Qa5+ 9. Nbd2 Bb4 10. Bd3 Ne4 11. Bxe4 dxe4 12. Ne5 Nc6 13. Nc4 Qc7 14. O-O f5
15. a3 Be7 16. Ne3 Bf6 17. Ndc4 b5 18. d5 Bxb2 19. Nxb2 Ne5 20. c4 O-O 21. Rc1
Qa5 22. dxe6 Bxe6 23. Qd6 Rae8 24. Qxe5 Qxa3 25. Qc3 f4 26. Nd5 f3 27. Nc7 Re7
28. Nxe6 Rxe6 29. cxb5 Qe7 30. Nc4 Qg5 31. Ne3 fxg2 32. Rfe1 Qf4 33. Re2 Rh6 34.
Qc4+ Kh8 35. h4 Qxh4 36. Qc7 Qh1# 0-1